Diccionario de los símbolos

Պահպանված է:
Մատենագիտական մանրամասներ
Հիմնական հեղինակ: Chevalier, Jean
Ձևաչափ: Գիրք
Լեզու:Undetermined
Հրապարակվել է: Barcelona, España Herder 1991
Հրատարակություն:3
Խորագրեր:
Ցուցիչներ: Ավելացրեք ցուցիչ
Չկան պիտակներ, Եղեք առաջինը, ով նշում է այս գրառումը!

MARC

LEADER 00000nam a2200000Ia 4500
008 170316s9999 xx 000 0 und d
999 |c 14744  |d 14744 
040 |a cru BVZT 
090 |a R-413 C-1d T.2 SIM 
100 |a Chevalier, Jean 
245 |a Diccionario de los símbolos  |c Jean Chevalier, Jain Gheerbrant 
250 |a 3 
260 |a Barcelona, España  |b Herder  |c 1991 
300 |a 548-1107 páginas Tomo II 
650 |a REFERENCIA  |9 27 
650 0 |a DICCIONARIO  |9 28 
650 0 |a FILOSOFÍA  |9 5 
650 0 |a SÍMBOLO  |9 224 
942 |c REF  |2 z